Služobné tajomstvá

Bibliographic Details
Main Author: Hudecová, Katarína, 1928-2017 (Author)
Format: Book
Language:Slovak
PhysicalDescription:91 strán ilustrácie 21 cm
Published: [Trenčianske Teplice] Katarína Hudecová 2002
ISBN:8096883887
Edition:1. vyd.
Subjects:

MARC

LEADER 00000cam a2200000 a 4500
001 vtls001465074
003 SK-MaSNL
005 20260301163342.0
008 240226s2002 xo a gr 000 fdslo
015 |a SNBA2004/03-02215 
020 |a 8096883887 
035 |a SNK000420379 
035 |a urn:nbn:sk:snk-am3ix7h 
035 |a D7CB200F-88B9-4617-B0B0-616C4D02D8E0 
035 |a urn:nbn:sk:snk-am00g48r 
040 |a SNK  |b slo  |c SNK  |e AACR2 
041 0 |a slo 
044 |a xo  |c SK 
072 7 |a 821.162.4-3  |x Slovenská próza  |2 konspekt 
080 |a 821.162.4-3  |2 1997 
080 |a 821.162.4-31  |2 2011 
100 1 |a Hudecová, Katarína,  |d 1928-2017  |4 aut  |9 93480 
245 1 0 |a Služobné tajomstvá  |c Katarína Hudecová 
250 |a 1. vyd. 
260 |a [Trenčianske Teplice]  |b Katarína Hudecová  |c 2002 
300 |a 91 strán  |b ilustrácie  |c 21 cm 
500 |a Obsahuje biografické údaje 
655 7 |a slovenské romány  |2 SNKPH  |9 70324 
919 |a 80-968838-8-7 
958 |a LX 
958 |a OND 
999 |c 816769  |d 818699 
952 |a SNK  |b SNK  |y PREZ  |7 0  |p 17A0405805  |o snkSC 114041  |i snkKSP 15908/2003  |8 0  |0 0  |1 0  |4 0  |d 2003-12-09  |f 1  |l 0  |r 2025-10-03 00:00:00  |w 2026-02-24 
952 |a SNK  |b SNK  |y VYP  |7 0  |p 17A0405804  |o snkSC 114041 D1  |i snkKSP 15909/2003  |8 0  |0 0  |1 0  |4 0  |d 2003-12-09  |l 0  |r 2005-01-02 00:00:00  |w 2026-02-24